[Event "VII Weekend B"]
[Site "Porto Sant'Elpidio ITA"]
[Date "2004.11.13"]
[Round "1"]
[White "Cerusico, Carlo"]
[Black "Marinucci, Johnny"]
[Result "1/2-1/2"]
[WhiteElo "1493"]
[BlackElo "1742"]
[PlyCount "102"]
[EventDate "2004.11.13"]

1. d4 d5 2. Nf3 Nf6 3. Bf4 Bf5 4. h3 e6 5. e3 c5 6. Bb5+ Nbd7 7. O-O a6 8. Be2
Qb6 9. b3 Be7 10. Re1 Ne4 11. c4 Ndf6 12. a3 O-O 13. Nh4 Bg6 14. Nxg6 hxg6 15.
f3 Nd6 16. b4 Nxc4 17. bxc5 Bxc5 18. Bxc4 dxc4 19. dxc5 Qc6 20. Qd4 Qa4 21. Nc3
Qc6 22. e4 Rfd8 23. Qxc4 b5 24. Qb4 Rac8 25. Bd6 Nd7 26. a4 Nxc5 27. Bxc5 Qxc5+
28. Qxc5 Rxc5 29. Re3 b4 30. Ne2 Rd2 31. e5 b3 32. Kh2 Rcc2 33. Rxb3 Rxe2 34.
Kg3 Rxg2+ 35. Kf4 Rh2 36. Rb6 Rxh3 37. Rxa6 Rc3 38. Rf1 Rc4+ 39. Ke3 g5 40. Kd3
Rhh4 41. a5 Ra4 42. Ra7 g6 43. a6 Ra3+ 44. Kc2 Rha4 45. Ra8+ Kg7 46. Rh1 Ra2+
47. Kb3 Rxa6 48. Rah8 R2a3+ 49. Kb2 Ra2+ 50. Kb3 R2a3+ 51. Kc2 Ra2+ 1/2-1/2

[Event "VII Weekend B"]
[Site "Porto Sant'Elpidio ITA"]
[Date "2004.11.13"]
[Round "1"]
[White "Di Blasio, Walter"]
[Black "Agostini, Renzo"]
[Result "1-0"]
[WhiteElo "1643"]
[BlackElo "1392"]
[PlyCount "79"]
[EventDate "2004.11.13"]

1. e4 c5 2. Nc3 e6 3. Nf3 Nc6 4. d4 d5 5. exd5 exd5 6. dxc5 Nf6 7. Bg5 Be7 8.
Be2 Bxc5 9. Bxf6 Qxf6 10. Nxd5 Qd8 11. O-O O-O 12. a3 a5 13. Nc3 Bd7 14. Qd5
Ba7 15. Rad1 Be6 16. Qxd8 Raxd8 17. h3 Rfe8 18. Nb5 Bb8 19. Rxd8 Rxd8 20. Rd1
Bd5 21. c4 Bxf3 22. Rxd8+ Nxd8 23. Bxf3 b6 24. Bd5 g5 25. Kf1 Kg7 26. Ke2 f5
27. b4 axb4 28. axb4 Kf6 29. g4 f4 30. Kd3 Ke5 31. f3 Bd6 32. Nxd6 Kxd6 33. Kd4
Ne6+ 34. Bxe6 Kxe6 35. c5 bxc5+ 36. Kxc5 Kd7 37. Kb6 Kc8 38. Ka7 Kc7 39. b5 Kc8
40. b6 1-0

[Event "VII Weekend B"]
[Site "Porto Sant'Elpidio ITA"]
[Date "2004.11.13"]
[Round "1"]
[White "Di Cicco, Daniela"]
[Black "Silvestri, Giorgio"]
[Result "0-1"]
[WhiteElo "1359"]
[BlackElo "1697"]
[PlyCount "78"]
[EventDate "2004.11.13"]

1. d4 Nf6 2. Nf3 g6 3. Bf4 d6 4. h3 Bg7 5. Nbd2 Nbd7 6. e4 O-O 7. c3 Re8 8. Bc4
h6 9. O-O e5 10. Bh2 exd4 11. Qb3 d5 12. exd5 Nb6 13. Bb5 Bd7 14. Bxd7 Qxd7 15.
d6 cxd6 16. Nxd4 Ne4 17. Nxe4 Rxe4 18. Nb5 Be5 19. Bxe5 Rxe5 20. Nd4 d5 21. Nf3
Re2 22. Rfe1 Rae8 23. Qd1 Rxe1+ 24. Nxe1 Qb5 25. Qb3 Qa4 26. Kf1 Qa6+ 27. Kg1
Re2 28. Nf3 Nc4 29. Rb1 b5 30. Kf1 Rd2 31. Nd4 Rxd4 32. Kg1 Rd2 33. Rd1 Rxb2
34. Qxb2 Nxb2 35. Rxd5 Qxa2 36. Rxb5 Nd3 37. Rb8+ Kg7 38. f3 Qf2+ 39. Kh2 Nf4
0-1

[Event "VII Weekend B"]
[Site "Porto Sant'Elpidio ITA"]
[Date "2004.11.13"]
[Round "1"]
[White "Di Mantino, Mauro"]
[Black "Ragnini, Damiano"]
[Result "0-1"]
[WhiteElo "1392"]
[BlackElo "1571"]
[PlyCount "72"]
[EventDate "2004.11.13"]

1. d4 Nf6 2. c4 g6 3. Nc3 Bg7 4. e4 d6 5. Be2 O-O 6. Nf3 Nbd7 7. Bf4 c5 8. d5
a6 9. Qd2 Ng4 10. h3 Bxc3 11. Qxc3 Ngf6 12. Bh6 Re8 13. g4 e5 14. Ng5 b5 15.
O-O-O b4 16. Qg3 Qa5 17. Kb1 Qd8 18. h4 a5 19. h5 a4 20. hxg6 fxg6 21. Rh2 Nf8
22. f4 Qd7 23. f5 Ra7 24. Rh4 Qc7 25. Rf1 Qd8 26. Ne6 Bxe6 27. fxe6 Nxe4 28.
Qf3 Nd2+ 29. Bxd2 Qxh4 30. g5 Rg7 31. Rh1 Qd4 32. Be3 e4 33. Qf7+ Rxf7 34.
exf7+ Kxf7 35. Bxd4 cxd4 36. Rf1+ Kg7 0-1

[Event "VII Weekend B"]
[Site "Porto Sant'Elpidio ITA"]
[Date "2004.11.13"]
[Round "1"]
[White "Guerra, Renzo"]
[Black "Iaconi, Andrea"]
[Result "1-0"]
[WhiteElo "1518"]
[BlackElo "1774"]
[PlyCount "71"]
[EventDate "2004.11.13"]

1. c4 c5 2. Nc3 Nf6 3. Nf3 Nc6 4. g3 g6 5. Bg2 Bg7 6. O-O O-O 7. d3 d6 8. a3 a6
9. Bg5 Bg4 10. Rb1 Qc8 11. b4 Bh3 12. bxc5 Bxg2 13. Kxg2 dxc5 14. Qb3 Nd7 15.
Nd5 e6 16. Nb6 Nxb6 17. Qxb6 Nd4 18. Nxd4 Bxd4 19. Qxb7 Rb8 20. Qxc8 Rfxc8 21.
Be7 Bb2 22. Bd6 Rb3 23. Be5 f6 24. Rxb2 Rxa3 25. Bxf6 a5 26. Rfb1 a4 27. Rb8
Rxb8 28. Rxb8+ Kf7 29. Be5 g5 30. Rc8 Ra2 31. Kf3 a3 32. Ra8 Ke7 33. Ra7+ Kd8
34. Bd6 Ra1 35. Bxc5 a2 36. Bd4 1-0

[Event "VII Weekend B"]
[Site "Porto Sant'Elpidio ITA"]
[Date "2004.11.13"]
[Round "1"]
[White "Iori, Massimiliano"]
[Black "Rinaldi, Raffaele"]
[Result "1/2-1/2"]
[WhiteElo "1792"]
[BlackElo "1556"]
[PlyCount "69"]
[EventDate "2004.11.13"]

1. d4 d5 2. Nf3 Nf6 3. c4 Nc6 4. e3 e6 5. Bd3 Be7 6. Nbd2 O-O 7. O-O Re8 8. Ne5
Nxe5 9. dxe5 Nd7 10. Nf3 c6 11. b3 Qc7 12. Bb2 f5 13. exf6 Bxf6 14. Bxf6 Nxf6
15. Rc1 Qd6 16. Bb1 e5 17. h3 Be6 18. cxd5 cxd5 19. Qd2 Rac8 20. Qb2 Bd7 21.
Rxc8 Bxc8 22. b4 b6 23. a3 Bb7 24. Rd1 Nd7 25. Qc2 Nf6 26. Qf5 Bc8 27. Qg5 Be6
28. Qxe5 Qxe5 29. Nxe5 Bxh3 30. Nf3 Bg4 31. Ba2 Bxf3 32. gxf3 Rd8 33. Rc1 Kf8
34. Rc7 a6 35. Ra7 1/2-1/2

[Event "VII Weekend B"]
[Site "Porto Sant'Elpidio ITA"]
[Date "2004.11.13"]
[Round "1"]
[White "Piergentili, Roberto"]
[Black "Ripa', Daniele"]
[Result "1-0"]
[WhiteElo "1700"]
[BlackElo "1461"]
[PlyCount "83"]
[EventDate "2004.11.13"]

1. d4 Nf6 2. c4 g6 3. Nc3 Bg7 4. e4 O-O 5. e5 Ne8 6. Nf3 d6 7. Be3 dxe5 8. Nxe5
Nd7 9. f4 Nd6 10. Bd3 Nxe5 11. fxe5 Nf5 12. Bxf5 Bxf5 13. O-O h6 14. Qd2 Kh7
15. Rad1 c6 16. Ne2 f6 17. exf6 Rxf6 18. Ng3 Qd7 19. Nxf5 Rxf5 20. Rxf5 gxf5
21. b3 Rf8 22. d5 a6 23. dxc6 Qxd2 24. Rxd2 bxc6 25. Bc5 Rf7 26. Rd7 Bf6 27.
Rc7 f4 28. Rxc6 e5 29. Rxa6 Bh4 30. Ra7 Rxa7 31. Bxa7 e4 32. c5 e3 33. Kf1 Kg6
34. c6 Bd8 35. b4 Kf5 36. b5 Ke4 37. Ke2 Kd5 38. Bb8 Ke6 39. c7 Bxc7 40. Bxc7
Kd5 41. a4 Kc5 42. Bxf4 1-0

[Event "VII Weekend B"]
[Site "Porto Sant'Elpidio ITA"]
[Date "2004.11.14"]
[Round "2"]
[White "Agostini, Renzo"]
[Black "Di Cicco, Daniela"]
[Result "0-1"]
[WhiteElo "1392"]
[BlackElo "1359"]
[PlyCount "134"]
[EventDate "2004.11.13"]

1. d4 d5 2. Nf3 Nf6 3. e3 Bf5 4. Nbd2 h6 5. Bd3 Bxd3 6. cxd3 e6 7. O-O Bd6 8.
h3 Nbd7 9. Qe2 O-O 10. e4 e5 11. dxe5 Nxe5 12. d4 Nxf3+ 13. Qxf3 dxe4 14. Nxe4
Nxe4 15. Qxe4 c6 16. Qg4 Qf6 17. Be3 Rfe8 18. Rad1 Re6 19. Rfe1 Qg6 20. Qe2
Rae8 21. Qd2 Kh7 22. d5 Re5 23. dxc6 bxc6 24. Qxd6 R8e6 25. Qd3 Qxd3 26. Rxd3
a6 27. Rd7 Kg6 28. Bd2 Rxe1+ 29. Bxe1 Rxe1+ 30. Kh2 Re2 31. Rd6+ f6 32. Rxc6
Rxb2 33. Rxa6 Rxf2 34. a4 Ra2 35. Kg3 Kg5 36. h4+ Kf5 37. Kf3 Ra3+ 38. Kf2 Kg4
39. g3 Rxg3 40. Rb6 Rf3+ 41. Ke2 Ra3 42. Rb4+ Kf5 43. Rb5+ Ke6 44. a5 Kd6 45.
h5 Kc6 46. Rb6+ Kc7 47. Rb5 Kc6 48. Rb6+ Kc7 49. Rb5 Rg3 50. a6 Rg5 51. Rb7+
Kc8 52. Rf7 Kb8 53. Ke3 Rxh5 54. Rxg7 Rg5 55. Rh7 h5 56. Kf4 Ra5 57. a7+ Ka8
58. Kg3 Rxa7 59. Rh8+ Kb7 60. Rxh5 Ra4 61. Rf5 Ra6 62. Kg4 Kc7 63. Kh5 Kd7 64.
Kg6 Ke7 65. Kg7 Re6 66. Kg6 Ra6 67. Rxf6 Rxf6+ 0-1

[Event "VII Weekend B"]
[Site "Porto Sant'Elpidio ITA"]
[Date "2004.11.14"]
[Round "2"]
[White "Egidi, Daniele"]
[Black "Basso, Fabrizio"]
[Result "0-1"]
[WhiteElo "1353"]
[BlackElo "1697"]
[PlyCount "94"]
[EventDate "2004.11.13"]

1. c4 Nf6 2. Nc3 g6 3. e4 d6 4. d3 Bg7 5. Bg5 O-O 6. Nf3 Nbd7 7. g3 c6 8. Bg2
Qb6 9. Qb3 Qxb3 10. axb3 Nc5 11. O-O-O Nxb3+ 12. Kc2 Nc5 13. d4 Ncxe4 14. Nxe4
Nxe4 15. Rhf1 Nxg5 16. Nxg5 Bf5+ 17. Be4 Bxe4+ 18. Nxe4 d5 19. cxd5 cxd5 20.
Ng5 Rac8+ 21. Kd3 Rc4 22. Nf3 Rfc8 23. Ke2 Rb4 24. Rd2 Bh6 25. Rdd1 Rc2+ 26.
Nd2 Rxd4 27. f4 Rxb2 28. Rf3 e5 29. Rd3 Rxd3 30. Kxd3 exf4 31. g4 a5 32. Rb1
Rxb1 33. Nxb1 Bg7 34. Ke2 Kf8 35. h4 Ke7 36. h5 Kd6 37. h6 Bxh6 38. g5 Bxg5 39.
Nc3 Kc5 40. Kf3 Kc4 41. Ne2 a4 42. Kf2 a3 43. Nc1 f3 44. Kf1 Bxc1 45. Ke1 Be3
46. Kf1 a2 47. Ke1 a1=R# 0-1

[Event "VII Weekend B"]
[Site "Porto Sant'Elpidio ITA"]
[Date "2004.11.14"]
[Round "2"]
[White "Fratini, Mauro"]
[Black "Iaconi, Andrea"]
[Result "1/2-1/2"]
[WhiteElo "1778"]
[BlackElo "1774"]
[PlyCount "87"]
[EventDate "2004.11.13"]

1. d4 Nf6 2. Nf3 g6 3. Bf4 Bg7 4. e3 O-O 5. Nbd2 c5 6. c3 cxd4 7. exd4 Nc6 8.
h3 d6 9. Be2 Re8 10. Nc4 a6 11. a4 Bd7 12. O-O b5 13. axb5 axb5 14. Rxa8 Qxa8
15. Nb6 Qa5 16. Nxd7 Nxd7 17. Qb3 Rb8 18. Ng5 Nd8 19. Bg4 Nf6 20. Bf3 h6 21.
Ne4 Nxe4 22. Bxe4 Kh7 23. Re1 Qa4 24. Bc2 Qxb3 25. Bxb3 Bf6 26. Ra1 b4 27. Bd5
bxc3 28. bxc3 Rc8 29. Ra3 Kg7 30. Kf1 e6 31. Be4 d5 32. Bf3 Nc6 33. Ke2 Ne7 34.
g4 g5 35. Bd6 Ng6 36. Ke3 Nh4 37. Bh1 Ng6 38. Bg2 Nh4 39. Bf1 Ng6 40. Bb5 Be7
41. Bxe7 Nxe7 42. Kd3 Ng6 43. Ke3 Nf4 44. Bf1 1/2-1/2

[Event "VII Weekend B"]
[Site "Porto Sant'Elpidio ITA"]
[Date "2004.11.14"]
[Round "2"]
[White "Marinucci, Johnny"]
[Black "Iori, Massimiliano"]
[Result "1/2-1/2"]
[WhiteElo "1742"]
[BlackElo "1792"]
[PlyCount "111"]
[EventDate "2004.11.13"]

1. d4 Nf6 2. Nf3 d5 3. Bf4 Bf5 4. e3 e6 5. c4 Bxb1 6. Rxb1 Bb4+ 7. Ke2 O-O 8.
c5 c6 9. Qb3 Na6 10. a3 Ba5 11. Qxb7 Qc8 12. Qxc8 Rfxc8 13. b4 Bc7 14. Bxc7
Nxc7 15. Ke1 a6 16. Bd3 Nd7 17. Ke2 Rcb8 18. Nd2 Nb5 19. Bxb5 axb5 20. Ra1 e5
21. Nb3 e4 22. Na5 Ra6 23. Ra2 Nf8 24. Rha1 Ne6 25. Kd2 Kf8 26. Kc3 Ke7 27. a4
Nc7 28. axb5 Nxb5+ 29. Kc2 Nc7 30. Nb3 Rxa2+ 31. Rxa2 Rxb4 32. Ra7 Kd7 33. Na5
Rb8 34. Nb3 Ra8 35. Rxa8 Nxa8 36. Nd2 Nc7 37. f3 exf3 38. gxf3 Ne6 39. Kd3 f6
40. Nf1 Ng5 41. Ke2 Ke6 42. Ng3 g6 43. e4 dxe4 44. fxe4 f5 45. Ke3 Nxe4 46.
Nxe4 fxe4 47. Kxe4 g5 48. d5+ cxd5+ 49. Kd4 h5 50. c6 g4 51. c7 Kd7 52. Kxd5 h4
53. c8=Q+ Kxc8 54. Ke4 Kd7 55. Kf4 g3 56. Kf3 1/2-1/2

[Event "VII Weekend B"]
[Site "Porto Sant'Elpidio ITA"]
[Date "2004.11.14"]
[Round "2"]
[White "Ragnini, Damiano"]
[Black "Piergentili, Roberto"]
[Result "1/2-1/2"]
[WhiteElo "1571"]
[BlackElo "1700"]
[PlyCount "71"]
[EventDate "2004.11.13"]

1. e4 c5 2. Nf3 d6 3. d4 cxd4 4. Qxd4 Nc6 5. Qa4 Bd7 6. Bb5 a6 7. Bxc6 Bxc6 8.
Qc4 e6 9. Nc3 Nf6 10. Bg5 Be7 11. Rd1 Qc7 12. O-O Rc8 13. Qe2 h6 14. Bh4 Nh7
15. Bg3 Ng5 16. Nxg5 hxg5 17. Qg4 Bd7 18. Qe2 b5 19. Qd2 e5 20. Nd5 Qxc2 21.
Nxe7 Qxd2 22. Rxd2 Kxe7 23. Rfd1 Bc6 24. Rxd6 f6 25. f3 Rhd8 26. Rxd8 Rxd8 27.
Rxd8 Kxd8 28. Kf2 Ke7 29. Ke3 Be8 30. Be1 Bd7 31. Bb4+ Ke6 32. g4 g6 33. Bf8
Bc6 34. b4 Bd7 35. a3 Kf7 36. Bc5 1/2-1/2

[Event "VII Weekend B"]
[Site "Porto Sant'Elpidio ITA"]
[Date "2004.11.14"]
[Round "2"]
[White "Rinaldi, Raffaele"]
[Black "Cerusico, Carlo"]
[Result "1-0"]
[WhiteElo "1556"]
[BlackElo "1493"]
[PlyCount "105"]
[EventDate "2004.11.13"]

1. e4 e6 2. d4 c5 3. d5 exd5 4. exd5 d6 5. Nf3 Nf6 6. Bd3 Bd7 7. c4 Be7 8. O-O
O-O 9. h3 a6 10. a4 a5 11. Nc3 Na6 12. Re1 Re8 13. Bf4 Nb4 14. Bb1 Qc7 15. Ra3
Bf8 16. Ne4 Nxe4 17. Bxe4 Re7 18. Rae3 g6 19. Bg5 Ree8 20. Bb1 Rxe3 21. Rxe3
Re8 22. Rxe8 Bxe8 23. b3 Na6 24. Qe1 Qd7 25. Qxa5 f5 26. Qc3 h6 27. Bf6 Bg7 28.
Kf1 Nb8 29. Ng1 b6 30. Ne2 Qf7 31. Bxg7 Qxg7 32. Qxg7+ Kxg7 33. Nf4 Kf6 34. Nd3
Na6 35. Ke2 g5 36. Ke3 Bg6 37. f4 Nc7 38. b4 cxb4 39. Nxb4 Be8 40. Bc2 Bd7 41.
Na2 Na6 42. g3 Nc5 43. Nc3 Be8 44. Bd1 Bd7 45. Kd4 Kg6 46. Bc2 Kf6 47. Nb5 Ke7
48. Na7 Nxa4 49. Bxa4 Bxa4 50. Nc8+ Kd8 51. Nxd6 Bd7 52. Ke5 gxf4 53. gxf4 1-0

[Event "VII Weekend B"]
[Site "Porto Sant'Elpidio ITA"]
[Date "2004.11.14"]
[Round "2"]
[White "Ripa', Daniele"]
[Black "Serafini, Gino"]
[Result "0-1"]
[WhiteElo "1461"]
[BlackElo "1506"]
[PlyCount "102"]
[EventDate "2004.11.13"]

1. e4 d6 2. d4 g6 3. Nf3 Bg7 4. c3 Nf6 5. e5 dxe5 6. Nxe5 O-O 7. Bd3 b6 8. Qf3
Qd5 9. Nd2 Bb7 10. Bc4 Qxf3 11. Ndxf3 e6 12. O-O Nbd7 13. Nxf7 Rxf7 14. Bxe6
Bxf3 15. Bxf7+ Kxf7 16. gxf3 Re8 17. Be3 h6 18. Rfe1 Nf8 19. Kh1 Ne6 20. b4 Nd5
21. Rac1 Bf6 22. a4 Bh4 23. a5 Nxe3 24. Rxe3 Bg5 25. f4 Bxf4 26. Rf3 g5 27.
axb6 axb6 28. Ra1 Kg6 29. Kg2 Bd2 30. Kh1 Nf4 31. Rg1 Ne2 32. Rd1 Bxc3 33. d5
Bxb4 34. d6 Bxd6 35. Re1 Re7 36. Rd1 Re4 37. Rd5 Rh4 38. h3 Nf4 39. Rd4 Rxh3+
40. Rxh3 Nxh3 41. Kg2 Nxf2 42. Rd2 Ne4 43. Re2 Nc5 44. Re1 h5 45. Kf3 g4+ 46.
Kg2 h4 47. Kh1 Nd3 48. Rg1 Kg5 49. Kg2 h3+ 50. Kf1 g3 51. Ke2 h2 0-1

[Event "VII Weekend B"]
[Site "Porto Sant'Elpidio ITA"]
[Date "2004.11.14"]
[Round "2"]
[White "Silvestri, Giorgio"]
[Black "Baleani, Emanuele"]
[Result "0-1"]
[WhiteElo "1697"]
[BlackElo "1750"]
[PlyCount "87"]
[EventDate "2004.11.13"]

1. d4 d5 2. Nf3 Nf6 3. Bf4 e6 4. e3 Nbd7 5. Be2 c5 6. c3 Be7 7. Nbd2 O-O 8. O-O
c4 9. Qc2 h6 10. e4 dxe4 11. Nxe4 Nxe4 12. Qxe4 Nf6 13. Qc2 b5 14. a4 Bd7 15.
Ne5 a6 16. axb5 Bxb5 17. Bxc4 Bxc4 18. Nxc4 Nd5 19. Bg3 Rc8 20. Qd3 Ra8 21. Ne5
Qc8 22. Ra2 Qb7 23. Rfa1 Rfc8 24. Qf3 Bf6 25. Ng4 Be7 26. Ne5 Bf6 27. Qg4 a5
28. Nd3 Qb5 29. Nf4 Nxf4 30. Bxf4 g5 31. Qg3 a4 32. h4 Kh7 33. hxg5 hxg5 34.
Bd6 Qc4 35. Qe3 Qd5 36. Bg3 Kg6 37. Qd3+ Kg7 38. f3 Rc4 39. Kf2 Rac8 40. Rxa4
Rxa4 41. Rxa4 Qb3 42. Ra1 Qxb2+ 43. Qe2 Qxa1 44. f4 0-1

[Event "VII Weekend B"]
[Site "Porto Sant'Elpidio ITA"]
[Date "2004.11.14"]
[Round "2"]
[White "Tortolini, Francesco"]
[Black "Di Blasio, Walter"]
[Result "0-1"]
[WhiteElo "1698"]
[BlackElo "1643"]
[PlyCount "148"]
[EventDate "2004.11.13"]

1. e4 Nf6 2. e5 Nd5 3. c4 Nb6 4. d4 d6 5. exd6 cxd6 6. Nf3 Bg4 7. Nc3 Nc6 8.
Be3 g6 9. h3 Bxf3 10. Qxf3 Bg7 11. Rd1 Qc8 12. Be2 O-O 13. O-O Rb8 14. b3 Nd7
15. a3 Na5 16. Nd5 Re8 17. Bg5 Nc6 18. Qe3 e5 19. dxe5 Rxe5 20. Qd2 Nc5 21.
Nf6+ Bxf6 22. Bxf6 Ne4 23. Bg4 Nxd2 24. Bxc8 Nxf1 25. Bxe5 dxe5 26. Bg4 f5 27.
Be2 Ng3 28. fxg3 Nd4 29. Bf3 Nxb3 30. Bd5+ Kg7 31. Rb1 Nc5 32. Kf2 b6 33. Ke3
Kf6 34. Rf1 Rd8 35. h4 h5 36. Rb1 Rd6 37. Rb5 Ne6 38. Rb2 e4 39. Rf2 Nc5 40.
Rf1 a6 41. Kd4 Ne6+ 42. Ke3 Ke5 43. Rb1 g5 44. Bxe6 Kxe6 45. hxg5 Kf7 46. Kf4
Kg6 47. Rb3 Re6 48. a4 a5 49. Rb2 e3 50. Re2 Re4+ 51. Kf3 Kxg5 52. Rxe3 Rxe3+
53. Kxe3 Kg4 54. Kf2 f4 55. gxf4 Kxf4 56. g3+ Ke4 57. Kg2 Kd4 58. Kh3 Kxc4 59.
Kh4 b5 60. axb5 Kxb5 61. Kxh5 a4 62. g4 a3 63. g5 a2 64. g6 a1=Q 65. Kh6 Qh1+
66. Kg7 Kc5 67. Kg8 Kd6 68. g7 Qh6 69. Kf7 Qh7 70. Kf8 Qf5+ 71. Ke8 Qg6+ 72.
Kf8 Qh6 73. Kf7 Qf4+ 74. Ke8 Qe5+ 0-1

[Event "VII Weekend B"]
[Site "Porto Sant'Elpidio ITA"]
[Date "2004.11.14"]
[Round "3"]
[White "Baleani, Emanuele"]
[Black "Basso, Fabrizio"]
[Result "0-1"]
[WhiteElo "1750"]
[BlackElo "1697"]
[PlyCount "52"]
[EventDate "2004.11.13"]

1. e4 c5 2. Nf3 d6 3. d4 cxd4 4. Nxd4 Nf6 5. Nc3 a6 6. Bc4 e6 7. Bb3 Be7 8. O-O
O-O 9. Be3 Nbd7 10. Bxe6 fxe6 11. Nxe6 Qa5 12. Nxf8 Bxf8 13. Bf4 Ne5 14. Bd2
Nc4 15. Bc1 Be6 16. Qf3 Rc8 17. e5 Qxe5 18. Qxb7 Ng4 19. g3 Qh5 20. h4 Nge5 21.
Bf4 Nf3+ 22. Kg2 d5 23. Rad1 Nd6 24. Bxd6 Bxd6 25. Rxd5 Nxh4+ 26. Kh1 Qf3+ 0-1

[Event "VII Weekend B"]
[Site "Porto Sant'Elpidio ITA"]
[Date "2004.11.14"]
[Round "3"]
[White "Cerusico, Carlo"]
[Black "Ripa', Daniele"]
[Result "1-0"]
[WhiteElo "1493"]
[BlackElo "1461"]
[PlyCount "117"]
[EventDate "2004.11.13"]

1. d4 Nf6 2. Nf3 g6 3. Bf4 Bg7 4. h3 d6 5. e3 O-O 6. Bd3 Nbd7 7. Qe2 c5 8. Nbd2
Re8 9. O-O-O cxd4 10. exd4 Nd5 11. Bh2 e5 12. dxe5 dxe5 13. Ne4 Bh6+ 14. Kb1
Qb6 15. Bc4 N5f6 16. Rd6 Qc7 17. Nxf6+ Nxf6 18. Rxf6 Be6 19. Bxe6 fxe6 20. Nxe5
Qb6 21. Rf3 Rac8 22. Nd7 Qb4 23. Nf6+ Kh8 24. Nxe8 Rxe8 25. Rb3 Qe7 26. Qe5+
Bg7 27. Qc7 Qf6 28. Rxb7 Rf8 29. Qxg7+ Qxg7 30. Rxg7 Kxg7 31. Be5+ Kg8 32. f4
Rd8 33. Kc1 h6 34. Rd1 Rxd1+ 35. Kxd1 Kf7 36. c4 g5 37. fxg5 hxg5 38. g4 Ke7
39. b4 Kd7 40. a4 Kc6 41. Kd2 a6 42. Kc3 Kb6 43. Kd4 Kc6 44. Bf6 Kd6 45. Bxg5
e5+ 46. Ke4 Ke6 47. h4 Kd6 48. h5 Ke6 49. h6 Kf7 50. Kxe5 Kg6 51. Kf4 Kf7 52.
Kf5 Kg8 53. Ke6 Kh7 54. Kf7 a5 55. b5 Kh8 56. b6 Kh7 57. b7 Kh8 58. b8=Q+ Kh7
59. Qg8# 1-0

[Event "VII Weekend B"]
[Site "Porto Sant'Elpidio ITA"]
[Date "2004.11.14"]
[Round "3"]
[White "Di Blasio, Walter"]
[Black "Ragnini, Damiano"]
[Result "1/2-1/2"]
[WhiteElo "1643"]
[BlackElo "1571"]
[PlyCount "84"]
[EventDate "2004.11.13"]

1. e4 c5 2. Nc3 Nc6 3. Nge2 e6 4. d4 cxd4 5. Nxd4 Nf6 6. Ndb5 d5 7. exd5 Nxd5
8. Nxd5 exd5 9. c3 Be6 10. Be2 a6 11. Nd4 Nxd4 12. Qxd4 Be7 13. Qxg7 Kd7 14.
Qd4 Qc7 15. Be3 Rhg8 16. Bf3 Qa5 17. O-O Rac8 18. Rfd1 Rc4 19. Qb6 Qxb6 20.
Bxb6 Rf4 21. Kf1 Kc6 22. Be3 Rc4 23. Rd4 b5 24. Rad1 Rxd4 25. Bxd4 Bg4 26. Bxg4
Rxg4 27. Re1 Re4 28. Rxe4 dxe4 29. Ke2 Kd5 30. g3 f5 31. f4 h5 32. h4 Bd8 33.
Kd2 Be7 34. a3 Kc4 35. Kc2 Kd5 36. Be3 Bf6 37. b3 Be7 38. a4 Bd6 39. axb5 axb5
40. Kd2 Be7 41. Bb6 Bd6 42. Ke3 Be7 1/2-1/2

[Event "VII Weekend B"]
[Site "Porto Sant'Elpidio ITA"]
[Date "2004.11.14"]
[Round "3"]
[White "Di Cicco, Daniela"]
[Black "Fratini, Mauro"]
[Result "0-1"]
[WhiteElo "1359"]
[BlackElo "1778"]
[PlyCount "80"]
[EventDate "2004.11.13"]

1. d4 d5 2. Nf3 Nf6 3. h3 c6 4. Bf4 Qb6 5. b3 c5 6. e3 Nc6 7. c3 Bf5 8. Bd3 Ne4
9. Ne5 cxd4 10. Nxc6 Qxc6 11. c4 Rc8 12. Nd2 Nxf2 13. Kxf2 Bxd3 14. exd4 Qf6
15. Ke3 dxc4 16. bxc4 e6 17. Qa4+ Rc6 18. Kxd3 Qxf4 19. Qxa7 Qc7 20. Rab1 Be7
21. Rxb7 Qg3+ 22. Kc2 O-O 23. Rxe7 Qxg2 24. Rb1 Rxc4+ 25. Kd3 Rcc8 26. Rf1
Qxh3+ 27. Rf3 Qh5 28. a4 Rb8 29. Rb7 Ra8 30. Qc5 Qg6+ 31. Ke2 Qg2+ 32. Ke3 Rac8
33. Rc7 Qg1+ 34. Kd3 Qg6+ 35. Ne4 Rb8 36. Ke2 Qxe4+ 37. Re3 Rb2+ 38. Qc2 Rxc2+
39. Rxc2 Qxc2+ 40. Kf3 Qxa4 0-1

[Event "VII Weekend B"]
[Site "Porto Sant'Elpidio ITA"]
[Date "2004.11.14"]
[Round "3"]
[White "Iaconi, Andrea"]
[Black "Egidi, Daniele"]
[Result "1-0"]
[WhiteElo "1774"]
[BlackElo "1353"]
[PlyCount "103"]
[EventDate "2004.11.13"]

1. e4 d5 2. exd5 Qxd5 3. Nc3 Qa5 4. d4 e6 5. Nf3 Bb4 6. Bd2 Bxc3 7. Bxc3 Qd5 8.
Bd3 Nf6 9. O-O O-O 10. Bb4 c5 11. Bxc5 Rd8 12. Be7 Rd7 13. Bxf6 gxf6 14. c3 f5
15. Ne5 Rd6 16. Qh5 Rd7 17. Nxd7 Bxd7 18. Qg5+ Kf8 19. f4 Nc6 20. Rf3 Nxd4 21.
Rh3 Bc6 22. Rf1 Qc5 23. cxd4 Qxd4+ 24. Rf2 Rc8 25. Qg3 Bd5 26. Qe3 Qxe3 27.
Rxe3 Rc1+ 28. Rf1 Rc5 29. Ree1 Bxa2 30. Ra1 Bd5 31. Rxa7 h5 32. Be2 Bxg2 33.
Kxg2 Rc2 34. Rf2 Rxb2 35. Bxh5 Rb3 36. Raa2 b5 37. Rab2 Rc3 38. Rxb5 Kg7 39.
Rb7 Kh6 40. Bxf7 e5 41. fxe5 Kg5 42. e6 f4 43. e7 f3+ 44. Kg3 Re3 45. e8=Q Re2
46. Qg8+ Kf5 47. Rxf3+ Ke5 48. Re7+ Kd4 49. Qd8+ Kc5 50. Rc7+ Kb6 51. Rb3+ Ka5
52. Ra7# 1-0

[Event "VII Weekend B"]
[Site "Porto Sant'Elpidio ITA"]
[Date "2004.11.14"]
[Round "3"]
[White "Iori, Massimiliano"]
[Black "Guerra, Renzo"]
[Result "1-0"]
[WhiteElo "1792"]
[BlackElo "1518"]
[PlyCount "47"]
[EventDate "2004.11.13"]

1. d4 d6 2. c4 c6 3. Nf3 Nf6 4. Nc3 g6 5. e4 Bg7 6. Be2 O-O 7. h3 Nbd7 8. Be3
a6 9. a4 c5 10. O-O cxd4 11. Bxd4 Nc5 12. e5 Nh5 13. exd6 Qxd6 14. Bxg7 Kxg7
15. Qxd6 exd6 16. Rad1 Nf4 17. Rfe1 Nxe2+ 18. Rxe2 Bd7 19. Rxd6 Bxa4 20. b4 Bb3
21. bxc5 Bxc4 22. Re4 Be6 23. Nd4 Bc4 24. Nf5+ 1-0

[Event "VII Weekend B"]
[Site "Porto Sant'Elpidio ITA"]
[Date "2004.11.14"]
[Round "3"]
[White "Morelli, Basilio"]
[Black "Tortolini, Francesco"]
[Result "0-1"]
[WhiteElo "1419"]
[BlackElo "1698"]
[PlyCount "92"]
[EventDate "2004.11.13"]

1. d4 e6 2. Nf3 Nf6 3. e3 c5 4. c3 Nc6 5. Bd3 b6 6. O-O Bb7 7. dxc5 Bxc5 8.
Nbd2 O-O 9. Qe2 Qc7 10. e4 Ne5 11. Nxe5 Qxe5 12. Nf3 Qh5 13. h3 Rac8 14. b4 Be7
15. Bb2 d6 16. Rac1 Rc7 17. c4 Rfc8 18. Rfe1 a6 19. a3 Nd7 20. Qf1 Bf6 21. g4
Qh6 22. Bxf6 Qxf6 23. Qg2 b5 24. Nd2 Qb2 25. f3 Qd4+ 26. Qf2 Qxd3 27. Re3 Qd4
28. Nb3 Qb6 29. c5 dxc5 30. bxc5 Nxc5 31. Rec3 Qd6 32. Nxc5 e5 33. Nxb7 Rxc3
34. Nxd6 Rxc1+ 35. Kg2 R8c2 36. Nb7 Rxf2+ 37. Kxf2 Rc2+ 38. Kg3 Ra2 39. Na5
Rxa3 40. Nc6 f6 41. g5 Rc3 42. Ne7+ Kf7 43. Nd5 Rc1 44. gxf6 gxf6 45. Nb4 a5
46. Nd3 Rc3 0-1

[Event "VII Weekend B"]
[Site "Porto Sant'Elpidio ITA"]
[Date "2004.11.14"]
[Round "3"]
[White "Piergentili, Roberto"]
[Black "Rinaldi, Raffaele"]
[Result "0-1"]
[WhiteElo "1700"]
[BlackElo "1556"]
[PlyCount "98"]
[EventDate "2004.11.13"]

1. d4 d5 2. c4 Nc6 3. Nc3 e6 4. Nf3 Nf6 5. g3 dxc4 6. Bg2 Be7 7. O-O O-O 8. e4
a6 9. Be3 b5 10. a3 Qd7 11. e5 Nd5 12. Qd2 Rd8 13. Rad1 Bb7 14. Qe2 Na5 15. Ne1
Nxc3 16. bxc3 Bxg2 17. Nxg2 Nb3 18. Qb2 Qe8 19. Ne1 c5 20. Nc2 cxd4 21. Nxd4
Nc5 22. Ra1 Nd3 23. Qc2 Nxe5 24. Qe4 Nd3 25. Nc6 Rdc8 26. Nxe7+ Qxe7 27. h4 Nc5
28. Qg4 Nb3 29. Ra2 Rd8 30. Qe4 Rab8 31. Bf4 Rbc8 32. Bg5 f6 33. Be3 Rd3 34.
Rc2 Qd6 35. Re1 Rd8 36. Kh2 e5 37. f4 Qd5 38. Qf5 Nd2 39. Kh3 Qd7 40. Qxd7
R8xd7 41. fxe5 Nf3 42. Ree2 Nxe5 43. Bd4 Ng6 44. Kh2 Re7 45. Rf2 Ne5 46. Kh3
Kf7 47. h5 Nf3 48. Bc5 Re5 49. Kg2 Ne1+ 0-1